000
00346nam a2200145Ia 4500
008
230718s9999 xx 000 0 und d
041
_a
Eng.
082
_a
340
_b
ALA-P
100
_a
Alamgir, M
245
0
_a
Pakistan law Journal (1997)
260
_a
Pakistan
_b
ALL Pakistan legal decision
_c
1995
300
_a
109
650
_a
Law
999
_c
27409
_d
27409